| 000 | 00654cam a22002293a 4500 | ||
|---|---|---|---|
| 001 | 4242 | ||
| 003 | PGUSA | ||
| 005 | 20140828083050.0 | ||
| 008 | 030701s2003||||xxu|||||s|||||000 | eng d | ||
| 040 |
_aPGUSA _beng |
||
| 042 | _adc | ||
| 050 | 4 | _aDH | |
| 100 | 1 |
_aMorris, Joseph E. _q(Joseph Ernest) |
|
| 245 | 1 | 0 |
_aBeautiful Europe : _bBelgium _h[electronic resource] / _cJoseph E. Morris |
| 260 |
_bProject Gutenberg, _c2003 |
||
| 506 | _aPublic domain in the USA. | ||
| 516 | _aElectronic text | ||
| 653 | _aBelgium -- Description and travel | ||
| 830 | 0 |
_aProject Gutenberg _v4242 |
|
| 856 | 4 | 0 | _uhttp://www.gutenberg.org/ebooks/4242 |
| 942 | _cEB | ||
| 999 |
_c233571 _d233571 |
||